000 00410nam a22001457a 4500
008 230405b |||||||| |||| 00| 0 eng d
020 _a978-1-5266-3050-6
082 _a364.15
100 _aJodi Kantor and Megan Twohey
245 _aShe Said:
_bthe true story of Weinstein scandal
260 _bBloomsbury Publishing,
_c2020
300 _a310 p.
_c20cm
942 _2ddc
999 _c9493
_d9494